[Event "Pan American-ch Seniors 65"]
[Site "Lima"]
[Date "2023.04.30"]
[Round "7"]
[White "Santiso, Daniel"]
[Black "Agrasot, Antonio"]
[Result "1-0"]
[WhiteElo "1847"]
[BlackElo "1518"]
[PlyCount "57"]
[EventDate "2023.04.26"]
[EventType "swiss"]
[EventRounds "9"]
[EventCountry "PER"]
[SourceTitle "CBM 214 Extra"]
[Source "ChessBase"]
[SourceDate "2023.07.31"]
[SourceVersion "1"]
[SourceVersionDate "2023.07.31"]
[SourceQuality "1"]

1. Nf3 Nc6 2. g3 e5 3. d3 d5 4. Nbd2 Nf6 5. e4 dxe4 6. dxe4 Bg4 7. Bg2 Nd4 8. 0-0 Be7 9. c3 Nxf3+ 10. Bxf3 Bxf3 11. Qxf3 0-0 12. Nc4 Re8 13. Kg2 Bd6 14. g4 Be7 15. Bg5 Qd7 16. Ne3 Bc5 17. Nf5 Qc6 18. Rae1 Nd7 19. h4 Qg6 20. Rg1 Kh8 21. Bc1 Qe6 22. Kh2 Qxa2 23. Rd1 Qe6 24. h5 g6 25. Bh6 Bf8 26. Bg5 Bg7 27. Nxg7 Kxg7 28. Rxd7 Qxd7 29. Qf6+ 1-0

[Event "ARG-ch Seniors 50"]
[Site "Coronel Pringles"]
[Date "2019.12.14"]
[Round "4.8"]
[White "Santiso, Daniel"]
[Black "Carrizo, Victor"]
[Result "1-0"]
[WhiteElo "1909"]
[BlackElo "1524"]
[PlyCount "75"]
[EventDate "2019.12.13"]
[EventType "swiss"]
[EventRounds "7"]
[EventCountry "ARG"]
[SourceTitle "EXT 2024"]
[Source "ChessBase"]
[SourceDate "2023.10.10"]
[SourceVersion "1"]
[SourceVersionDate "2023.10.10"]
[SourceQuality "1"]

1. Nf3 Nf6 2. d4 g6 3. c4 Bg7 4. Nc3 0-0 5. e4 d6 6. h3 c6 7. Be3 Re8 8. Qd2 Nbd7 9. e5 dxe5 10. dxe5 Nh5 11. g4 Nxe5 12. Nxe5 Ng3 13. fxg3 Bxe5 14. Bf4 Qa5 15. Qe3 Bg7 16. 0-0-0 Be6 17. Kc2 b5 18. Be5 b4 19. Bxg7 Kxg7 20. Ne4 Qxa2 21. Ng5 Qa4+ 22. Qb3 Qa5 23. Nxe6+ fxe6 24. Bg2 Qc5 25. Rhf1 a5 26. Qd3 Red8 27. Qe2 b3+ 28. Kb1 Rxd1+ 29. Rxd1 a4 30. Qe4 Rd8 31. Bf3 Rd6 32. Kc1 a3 33. Kb1 Qf2 34. Qe5+ Kg8 35. Be2 a2+ 36. Ka1 Rxd1+ 37. Bxd1 Qd2 38. Bxb3 1-0